000 00468nam a2200181Ia 4500
005 20250508161614.0
008 008 250505s9999 xx 000 0 hin d
037 _aTextual
040 _aFEDL
_beng
_cFEDL
041 _ahin
_2hin
084 _aFH, NAG
_qFEDL
100 _aNagar Narotam Prasad
_9771030
245 0 _aSumangla
260 _aAllahabad, India
_bBharti Bhandar
300 _a56p.
942 _cTEXL
_hFH, NAG
999 _c1371080
_d1371080